Подробности
| 000 -МАРКЕР |
| контрольное поле |
02747nam2a2200289 4500 |
| 001 - ИДЕНТИФИКАТОР ЗАПИСИ |
| контрольное поле |
RU\NLR\BIBL_A\012670011 |
| 005 - ИДЕНТИФИКАТОР ВЕРСИИ |
| контрольное поле |
20240905150933.0 |
| 010 ## - МЕЖДУНАРОДНЫЙ СТАНДАРТНЫЙ НОМЕР КНИГИ (ISBN) |
| Номер (ISBN) |
978-5-86035-089-2 |
| 021 ## - НОМЕР ГОСУДАРСТВЕННОЙ РЕГИСТРАЦИИ |
| Код страны |
Российская Федерация |
| Номер |
КН-П-21-055811 |
| Номер Листа государственной регистраци |
КН-П-21-4369 |
| 035 ## - ДРУГИЕ СИСТЕМНЫЕ НОМЕРА |
| Идентификатор записи |
(NLR Aleph) 012670011 |
| 100 ## - ДАННЫЕ ОБЩЕЙ ОБРАБОТКИ |
| Данные общей обработки |
20211217d2021 k y0rusy50 ca |
| 101 0# - ЯЗЫК РЕСУРСА |
| Язык текста, звукозаписи и т.д. |
русский |
| Язык резюме |
английский |
| 102 ## - СТРАНА ПУБЛИКАЦИИ ИЛИ ПРОИЗВОДСТВА |
| Страна публикации |
Российская Федерация |
| 105 ## - ПОЛЕ КОДИРОВАННЫХ ДАННЫХ: ТЕКСТОВЫЕ МАТЕРИАЛЫ, МОНОГРАФИЧЕСКИЕ |
| Кодированные данные о монографическом текстовом документе |
ach z 010zd |
| 200 1# - ЗАГЛАВИЕ И СВЕДЕНИЯ ОБ ОТВЕТСТВЕННОСТИ |
| Основное заглавие |
Клиники и лаборатории: прошлое и настоящее |
| Параллельное заглавие |
Departments and laboratories: past and present |
| Первые сведения об ответственности |
Лихтерман Леонид Болеславович |
| Последующие сведения об ответственности |
редактор-составитель: Л. Б. Лихтерман |
| -- |
главный редактор: Д. Ю. Усачёв |
| -- |
ФГАУ "Национальный медицинский исследовательский центр нейрохирургии им. Н.Н. Бурденко" Министерства здравоохранения Российской Федерации |
| Язык параллельного заглавия |
английский |
| 210 ## - ПУБЛИКАЦИЯ, РАСПРОСТРАНЕНИЕ И ДР. |
| Место издания, распространения и т.д. |
Москва |
| Имя издателя, распространителя и т. д. |
ФГАУ "Национальный медицинский исследовательский центр нейрохирургии имени академика Н. Н. Бурденко" Министерства здравоохранения РФ |
| Дата издания, распространения и т.д. |
2021 |
| 215 ## - ФИЗИЧЕСКАЯ ХАРАКТЕРИСТИКА |
| Специфическое обозначение материала и объем |
579, [1] с. |
| Другие сведения о физической характеристике |
ил., портр., факс., цв. ил., цв. портр., цв. факс. |
| 300 ## - ОБЩИЕ ПРИМЕЧАНИЯ |
| Текст примечания |
Авт. указан на обороте тит. с. |
| 320 ## - ПРИМЕЧАНИЯ О НАЛИЧИИ В ДОКУМЕНТЕ БИБЛИОГРАФИИ / УКАЗАТЕЛЯ |
| Текст примечания |
Библиогр. в конце разд. |
| 461 #0 - УРОВЕНЬ НАБОРА |
| Встроенное поле |
001RU\NLR\BIBL_A\012412779 |
| -- |
2001#$aНациональный центр нейрохирургии$dThe National center of neurosurgery$eк 90-летию основания$fА.А. Потапов, Л.Б. Лихтерман, Г.В. Данилов$gпод редакцией Д.Ю. Усачёва$gФГАУ "Национальный медицинский исследовательский центр нейрохирургии им. Н.Н. Бурденко"$zeng$vЧ. 3 |
| -- |
700#1$aПотапов$bА. А.$cд-р мед. наук$f1948-2021$gАлександр Александрович$3RU\NLR\AUTH\77113975 |
| Системный номер (АБИС) связанной записи |
11784169 |
| Автор |
Потапов, А. А. (д-р мед. наук ; 1948-2021) |
| Место публикации |
Москва |
| Дата публикации |
2020 |
| Первые сведения об ответственности |
А.А. Потапов, Л.Б. Лихтерман, Г.В. Данилов |
| Параллельное заглавие |
The National center of neurosurgery |
| Имя издателя, распространителя и т.д. |
Константа |
| Сведения, относящиеся к заглавию |
к 90-летию основания |
| Заглавие |
Национальный центр нейрохирургии |
| Номер тома |
Ч. 3 |
| 510 1# - ПАРАЛЛЕЛЬНОЕ ЗАГЛАВИЕ |
| Связь между полями |
z37790 |
| Параллельное заглавие |
Departments and laboratories: past and present |
| Язык заглавия |
английский |
| 790 #1 - ИМЯ ЛИЦА - АЛЬТЕРНАТИВНАЯ ФОРМА |
| Графика поля |
Латинская |
| Материалы, к которым относится поле |
rus |
| Начальный элемент ввода |
Lichterman |
| Часть имени, кроме начального элемента ввода |
L. B. |
| Даты |
1931- |
| Расширение инициалов личного имени |
Leonid Boleslavovič |
| Системный номер авторитетной/нормативной записи |
38921 |
| Идентификатор авторитетной/нормативной записи |
RU\NLR\AUTH\7755989 |
| 942 ## - ДОПОЛНИТЕЛЬНЫЕ ЭЛЕМЕНТЫ ЗАПИСИ (АБИС) |
| Тип экземпляра АБИС |
Книга |
| 980 ## - КОЛЛЕКЦИЯ |
| Название коллекции |
Национальная библиография |